Gemeinden im Emmental - Statistiken

Allgemein
  • Dieses Quiz wurde 18 mal gespielt
  • Das Durchschnittsergebnis liegt bei 16 aus 39
Antwortstatistiken
Antwort % Korrekt
Langnau im Emmental
100%
Schangnau
100%
Trub
100%
Trubschachen
100%
Burgdorf
75%
Lützelflüh
75%
Eggiwil
50%
Hasle bei Burgdorf
50%
Kirchberg
50%
Lauperswil
50%
Lyssach
50%
Oberburg
50%
Röthenbach im Emmental
50%
Rüegsau
50%
Signau
50%
Sumiswald
50%
Aefligen
25%
Affoltern im Emmental
25%
Alchenstorf
25%
Bätterkinden
25%
Dürrenroth
25%
Ersigen
25%
Heimiswil
25%
Hellsau
25%
Hindelbank
25%
Höchstetten
25%
Kernenried
25%
Koppigen
25%
Krauchthal
25%
Rüderswil
25%
Rüdtligen-Alchenflüh
25%
Rumendingen
25%
Rüti bei Lyssach
25%
Trachselwald
25%
Utzenstorf
25%
Wiler bei Utzenstorf
25%
Willadingen
25%
Wynigen
25%
Zielebach
25%
Keine übereinstimmenden Quizze gefunden
Verteilung der Resultate
Anzahl Personen mit jedem Resultat
Perzentil nach korrekt beantworteten Fragen
Ihre Resultats-Entwicklung
Sie haben dieses Quiz noch nicht gespielt